1314 1782 1615 1157 1601 1276 1941 1374 1570 1115 1366 1765 1695 1313 1455 1359 1826 1131 1299 1709 1815 1048 1601 1279 1645 1049 1849 1593 1685 1224 1899 1910 1724 1164 1330 1924 1857 1901 1394 1628 1574 1050 1492 1967 1550 1317 1775 1173 1267 1522 1209 1743 1417 1524 1823 1851 1830 1821 1545 1499 1978 1545 1042 1251 1055 1908 1218 1331 1293 1446 1007 1514 1198 1159 1121 1839 1474 1852 1101 1826 1876 1422 1383 1730 1609 1794 1473 1454 1642 1415 1271 1862 1637 1261 1816 1896 1821 1786 1070 BCNSPRNW ULIB Ver.6.0+V

เปลี่ยนเป็นภาษาไทย

Change to English
 แสดงรายละเอียดบรรณานุกรม
  กลับหน้าหลัก

Brief Record : Get Marc (ISO 2709) : E-mail record : QR code < ปิดหน้าต่าง
LEADER : 00000nam 2200000uu 4500
001    13399114298
003     ULIB
008    120321s2553||||th 000 0 tha d
020    ^a9741113471
020    ^a9789741113477
060 04 ^aWE715^bส832T
100 0  ^aสุพิน ชมภูพงษ์
245 10 ^aThorax :^bกายวิภาคและการประยุกต์ใช้ทางคลินิกของช่องอก /^cสุพิน ชมภูพงษ์, อัครเดช ศิริพร, สรรใจ แสงวิเชียร
250    ^aพิมพ์ครั้งที่ 2
260    ^aกรุงเทพฯ :^bภาควิชากายวิภาคศาสตร์ คณะแพทยศาสตร์ศิริราชพยาบาล มหาวิทยาลัยมหิดล,^c2553
300    ^a152 หน้า :^bภาพประกอบ ;^c27 ซม.
500    ^aชื่อเรื่องจากปกนอก
500    ^aSend to Single Search
650  4 ^aทรวงอก^xกายวิภาค
650  4 ^aหัวใจ^xการวิภาค
650  4 ^aปอด^xกายวิภาค
653    ^aผลงานอาจารย์คณะแพทยศาสตร์ศิริราชพยาบาล
700 0  ^aอัครเดช ศิริพร
700 0  ^aสรรใจ แสงวิเชียร
710 2  ^aมหาวิทยาลัยมหิดล. ^bคณะแพทยศาสตร์ศิริราชพยาบาล.
945    ^p190^l0^i18926
945    ^p190^l0^i18927
945    ^p190^l0^i18928
945    ^p190^l0^i18929
945    ^p190^l0^i18930
945    ^p190^l0^i18931
945    ^p190^l0^i18932
995    ^aกัณชพร
999 ^a ใช้งานได้ทุกระบบ
รายการนี้ยังไม่มีแท็ก
คุณยังไม่ได้ล็อกอิน คุณสามารถมีกิจกรรมร่วมกับเว็บไซต์ได้ แต่ต้องล็อกอินก่อน ::
  ล็อกอิน

รายการสื่อสารสนเทศ

ลำดับที่ ประเภท เลขเรียก/บาร์โค้ด สถานที่ สถานะ
1. วิทยาศาสตร์การแพทย์ และสุขภาพ
วิทยาศาสตร์การแพทย์ และสุขภาพ
สถานะ=หนังสือเก่า
WE715 ส832T  
  Barcode: 18926
ห้องสมุดวิทยาเขตนครสวรรค์
►ส่วนจัดเก็บหนังสือเก่า นว.
บนชั้น
  ขอยืม
2. วิทยาศาสตร์การแพทย์ และสุขภาพ
วิทยาศาสตร์การแพทย์ และสุขภาพ
สถานะ=หนังสือเก่า
WE715 ส832T ฉ.2 
  Barcode: 18927
ห้องสมุดวิทยาเขตนครสวรรค์
►ส่วนจัดเก็บหนังสือเก่า นว.
บนชั้น
  ขอยืม
3. วิทยาศาสตร์การแพทย์ และสุขภาพ
วิทยาศาสตร์การแพทย์ และสุขภาพ
สถานะ=หนังสือเก่า
WE715 ส832T ฉ.3 
  Barcode: 18928
ห้องสมุดวิทยาเขตนครสวรรค์
►ส่วนจัดเก็บหนังสือเก่า นว.
บนชั้น
  ขอยืม
4. วิทยาศาสตร์การแพทย์ และสุขภาพ
วิทยาศาสตร์การแพทย์ และสุขภาพ
สถานะ=หนังสือเก่า
WE715 ส832T ฉ.4 
  Barcode: 18929
ห้องสมุดวิทยาเขตนครสวรรค์
►ส่วนจัดเก็บหนังสือเก่า นว.
บนชั้น
  ขอยืม
5. วิทยาศาสตร์การแพทย์ และสุขภาพ
วิทยาศาสตร์การแพทย์ และสุขภาพ
สถานะ=หนังสือเก่า
WE715 ส832T ฉ.5 
  Barcode: 18930
ห้องสมุดวิทยาเขตนครสวรรค์
►ส่วนจัดเก็บหนังสือเก่า นว.
บนชั้น
  ขอยืม
6. วิทยาศาสตร์การแพทย์ และสุขภาพ
วิทยาศาสตร์การแพทย์ และสุขภาพ
สถานะ=หนังสือเก่า
WE715 ส832T ฉ.6 
  Barcode: 18931
ห้องสมุดวิทยาเขตนครสวรรค์
►ส่วนจัดเก็บหนังสือเก่า นว.
บนชั้น
  ขอยืม
7. วิทยาศาสตร์การแพทย์ และสุขภาพ
วิทยาศาสตร์การแพทย์ และสุขภาพ
สถานะ=หนังสือเก่า
WE715 ส832T ฉ.7 
  Barcode: 18932
ห้องสมุดวิทยาเขตนครสวรรค์
►ส่วนจัดเก็บหนังสือเก่า นว.
บนชั้น
  ขอยืม

รายการใกล้เคียง
    ผู้แต่ง [สุพิน ชมภูพงษ์]

BibComment


ยังไม่เคยถูกคอมเมนท์

คอมเมนท์ทรัพยากรรายการนี้
  คอมเมนท์: Thorax กายวิภาค..


 Copyright 2026. Bcnsprnw @Library